| 000 | 00747cam a22002175a 4500 | ||
|---|---|---|---|
| 001 | L137438 | ||
| 008 | 070405s1993 xxkae f 000 0 eng d | ||
| 020 | _a0419176802 | ||
| 035 | _a(Sirsi) u137438 | ||
| 041 | 0 | _aeng | |
| 050 | 0 | 4 | _a696 $2 18 |
| 100 | 1 | _aKut, David | |
| 245 | 0 | 0 | _aIllustrated encyclopedia of building services |
| 260 |
_aLondon _bRoutledge _c1993 |
||
| 300 |
_a355p. _bill. _c26cm. |
||
| 350 | _a79.20 | ||
| 520 | _aExplains terms used in engineering services in buildings. Covers include air conditioning, heating and ventilating, water supplies, fire-fighting and protecdtion, drainage and sanitation and electrical services. | ||
| 651 | 4 |
_aEngland and Wales _y1543- |
|
| 690 |
_aBlock management _96220 |
||
| 942 | _n0 | ||
| 999 |
_c106782 _d106782 |
||